[Event "Pan American-ch School U15 12th"]
[Site "Callao"]
[Date "2023.10.19"]
[Round "6"]
[White "Ramirez Espino, Alessandro"]
[Black "Ricaldi Ramos, Jim Sebastian"]
[Result "0-1"]
[WhiteElo "1498"]
[BlackElo "1249"]
[PlyCount "118"]
[EventDate "2023.10.16"]
[EventType "swiss"]
[EventRounds "9"]
[EventCountry "PER"]
[SourceTitle "Mega2024 Update 01"]
[Source "Chessbase"]
[SourceDate "2023.11.12"]
[SourceVersion "1"]
[SourceVersionDate "2023.11.12"]
[SourceQuality "1"]

1. d4 d5 2. c3 Nf6 3. Qc2 e6 4. Bg5 Be7 5. Nd2 Nbd7 6. e3 h6 7. Bh4 0-0 8. f4 Ng4 9. Bf2 Nxf2 10. Kxf2 f5 11. Ngf3 c5 12. h3 Nf6 13. Ne5 Ne4+ 14. Nxe4 fxe4 15. Be2 Qc7 16. Qd2 Bd6 17. Kg1 Bxe5 18. fxe5 Bd7 19. Kh2 Rf2 20. Rhf1 Raf8 21. Rxf2 Rxf2 22. Kg1 Rf8 23. c4 Bc6 24. Rc1 cxd4 25. exd4 Qf7 26. Rf1 Qc7 27. Rxf8+ Kxf8 28. c5 Qf7 29. Bg4 Bb5 30. Kh2 g5 31. h4 h5 32. Bd1 g4 33. Kg3 a6 34. Bc2 Bc6 35. a4 Qf1 36. Qf4+ Qxf4+ 37. Kxf4 Kg7 38. Bd1 a5 39. b3 Kh6 40. Be2 Kg6 41. g3 Kh6 42. Ke3 Kg6 43. Kd2 Kf5 44. Kc3 Kg6 45. Bb5 Kf7 46. Bxc6 bxc6 47. b4 Ke7 48. bxa5 Kd7 49. a6 Kc7 50. Kb4 Kb8 51. Ka5 Ka7 52. Kb4 Kxa6 53. a5 Ka7 54. Kc3 Ka6 55. Kb4 e3 56. Kc3 Kxa5 57. Kd3 Kb4 58. Kxe3 Kc3 59. Kf4 Kxd4 0-1

[Event "Pan American-ch School U15 12th"]
[Site "Callao"]
[Date "2023.10.18"]
[Round "5"]
[White "Ricaldi Ramos, Jim Sebastian"]
[Black "Cuellar Aguirre, Andres Santiago"]
[Result "1-0"]
[WhiteElo "1249"]
[BlackElo "1103"]
[PlyCount "80"]
[EventDate "2023.10.16"]
[EventType "swiss"]
[EventRounds "9"]
[EventCountry "PER"]
[SourceTitle "Mega2024 Update 01"]
[Source "Chessbase"]
[SourceDate "2023.11.12"]
[SourceVersion "1"]
[SourceVersionDate "2023.11.12"]
[SourceQuality "1"]

1. d4 Nf6 2. d5 g6 3. c4 Bg7 4. Nc3 0-0 5. Nf3 c6 6. e4 d6 7. Bd3 e6 8. 0-0 cxd5 9. cxd5 exd5 10. exd5 Qa5 11. Qb3 Nbd7 12. Bf4 Nc5 13. Qb5 Qxb5 14. Bxb5 a6 15. Bxd6 axb5 16. Bxc5 Re8 17. Nxb5 Nxd5 18. Rad1 Be6 19. Nbd4 Rxa2 20. Nxe6 fxe6 21. Rfe1 Rxb2 22. g3 Rb5 23. Rxd5 Rc8 24. Rd7 Rcxc5 25. Rxe6 Rf5 26. Re8+ Rf8 27. Ree7 Bf6 28. Rxh7 Rb1+ 29. Kg2 b5 30. Nh4 Bd4 31. f4 Rb2+ 32. Kh3 Bf6 33. Nxg6 Rd8 34. Rh8+ Bxh8 35. Rxd8+ Kg7 36. Nxh8 Rb3 37. Kg4 Rc3 38. Kg5 Rc5+ 39. f5 b4 40. Ng6 Rb5 1-0